Dzielnice Monako - Statystyki

Ogólne statystyki
  • Ten quiz został rozwiązany 734 razy
  • Średni wynik to 3 z 9
Odpowiedzi na mapie
Odpowiedzi zakodowano w zielono-czerwonej skali na mapie do tego quizu, zgodnie z poniższymi procentami.
 
Statystyki odpowiedzi
Typ Nazwa jednostki % Poprawnych
osiedle Monte Carlo
92%
sektor wydzielony Monaco-Ville
45%
osiedle Larvotto
28%
osiedle La Rousse
27%
osiedle Jardin exotique
23%
osiedle Fontvieille
19%
osiedle La Condamine
19%
osiedle Moneghetti
15%
sektor wydzielony Ravin de Sainte-Dévote
12%
Nie znaleziono quizów pasujących do podanych kryteriów
Rozkład punktacji
Procent ludzi z każdym wynikiem
Percentyl według liczby udzielonych odpowiedzi
Twoja historia wyników
Nie rozwiązałeś tego quizu